000 00702nam a2200217Ii 4500
003 JO-AjNU
008 230606s9999||||xx |||||||||||||| ||und||
020 _a81-7169-566-3
040 _aJO-AjNU
_beng
_erda
_cJO-AjNU
041 _aeng
050 1 4 _aLB1027.5 2008
100 3 _aChibbr,S K,
_eauthor
_91298
245 0 0 _aGuidance and Educational Counselling
250 _a1 ed
264 3 1 _aNew Delhi:Commonwealth Publishers,2008
300 _a250P
336 _atext
_btxt
_2rdacontent
337 _aunmediated
_bn
_2rdamedia
338 _avolume
_bnc
_2rdacarrier
650 4 _aEducational counselling. Counselors-Professional relationships. Educational counselling-India. Student conselors
_91299
999 _aE683
_c683
_d683